000 00358pab a2200145 454500
008 180718b88-9 xxu||||| |||| 00| 0 eng d
100 _aDunlop, Becky Norton
245 _aWhite house and departmental issues
260 _c88-9
300 _a16-17
362 _aWinter
650 _aPublic Administration - U.S.A.
773 _aBureaucrat
909 _a16918
999 _c16918
_d16918